000 00342 a2200109 4500
050 _aBX8495.G57
_bA3 1909
100 _aB.,Godbey W.
_d1833-1920.
_98184
245 _aAutobiography of Rev. W.B. Godbey, A.M.
_cGodbey, W. B.
260 _aCincinnati :
_bGod's Revivalist Office,
_cc1909.
300 _a509 p. : port. ;
_c20 cm.
942 _2lcc
_cBK
_n0
999 _c3914
_d3914